| 000 | 00522nam a2200181Ia 4500 | ||
|---|---|---|---|
| 020 | _a(pbk) | ||
| 082 |
_a297.09 _bNAD _cL-31.P-34 |
||
| 100 |
_aAbul Hasan Ali Nadwi, Syed. _937276 |
||
| 245 | _aTareekh dawat wa azmeiat. | ||
| 260 |
_aIslamabad: _bDa'wah Academy, _c1983 |
||
| 300 | _a4 vol,. | ||
| 526 |
_a0 _b0 _c0 _d297_090000000000000_NAD |
||
| 526 |
_a0 _b0 _c0 _d297_090000000000000_NAD |
||
| 526 |
_a0 _b0 _c0 _d297_090000000000000_NAD |
||
| 650 |
_aMCE _9379 |
||
| 650 |
_aPillars of Islam. _937277 |
||
| 942 |
_2ddc _cBK |
||
| 999 |
_c542184 _d542184 |
||